№ 12 (258); Каротажник

التفاصيل البيبلوغرافية
Parent link:Каротажник: научно-технический вестник/ Ассоциация научно-технического и делового сотрудничества по геофизическим исследованиям и работам в скважинах. № 12 (258).— , 2000-
اللغة:الروسية
منشور في: 2015
التنسيق: كتاب
KOHA link:https://koha.lib.tpu.ru/cgi-bin/koha/opac-detail.pl?biblionumber=556666

MARC

LEADER 00000nam2a2200000 4500
001 556666
005 20231101121950.0
035 |a (RuTPU)RU\TPU\prd\251026 
090 |a 556666 
100 |a 20160201a20009999m y0rusy50 ca 
101 0 |a rus 
102 |a RU 
200 0 |a № 12 (258) 
210 |d 2015 
461 1 |0 (RuTPU)RU\TPU\prd\35788  |t Каротажник  |o научно-технический вестник  |f Ассоциация научно-технического и делового сотрудничества по геофизическим исследованиям и работам в скважинах  |v № 12 (258)  |d 2000- 
801 0 |a RU  |b 63413507  |c 20010227  |g PSBO 
801 1 |a RU  |b 63413507  |c 20160201 
801 2 |a RU  |b 63413507  |c 20230517  |g RCR 
942 |c BK 
999 |a НТБ_ТПУ  |b НФ  |e -1/20160111  |p П-9377  |s 1/20150608  |u 0,00  |v 1